00355nam a22001457a 4500003000500000005001700005008004100022020001800063040000600081082001200087100001900099245005400118260002800172300000900200Nust20170125130710.0170125b xxu||||| |||| 00| 0 eng d a9783843357982 c0 a623.893 4Anil Kumar Roy aPort city planning and managementcAnil Kumar Roy aUSAbLap Lambert c2010 a150p